| 000 | 00543nam a2200169 a 4500 | ||
|---|---|---|---|
| 001 | 000041577 | ||
| 005 | 20201002035640.0 | ||
| 008 | 131011s2006 ko ac 000 0 spa d | ||
| 040 |
_aDO-SdBNP _bspa _cBNPHU |
||
| 082 |
_axxx _bxxx |
||
| 100 | 1 |
_aChong, Hyoung-Min, _d1952- _968336 |
|
| 245 | 1 | 0 |
_aModern korean ink painting / _cChung Hyung-Min; edited by Raymond W. Furse. |
| 260 |
_aKorea : _bHollym, _bKorea Foundation, _c2006. |
||
| 300 |
_a158 p. : _bil., retrs. ; _c24 cm. |
||
| 490 | 1 |
_aKorean culture _v5 |
|
| 830 | 0 |
_aKorean culture _n5 _968337 |
|
| 999 |
_c41067 _d41067 |
||